Formule 1 - Quiz pilote : Lance Stroll - Statistiques

Statistiques générales
  • Ce quiz a été pris 82 fois
  • Le résultat moyen est 14 sur 21
Statistiques - réponses
Hint Réponse % Correct
Championnat du monde Nombres de titre pilote 0
98%
Championnat du monde Nombres de titre constructeur 0
98%
Victoire Nombre de victoire totale 0
98%
Écuries pour lesquelles il a conduit Depuis 2021 Aston Martin
98%
Informations de base Nationalité (sportive) Canada
98%
Coéquipiers Depuis 2023 Fernando Alonso
98%
Informations de base Arrivée en Formule 1 (année) 2017
95%
Informations de base Numéro permanent de pilote 18
80%
Coéquipiers 2019 - 2020 Sergio Perez
79%
Écuries pour lesquelles il a conduit 2017 - 2018 Williams
77%
Coéquipiers 2021 - 2022 Sebastian Vettel
74%
Autres Qui est le nom complet de son père et directeur d'écurie ? Lawrence Stroll
73%
Écuries pour lesquelles il a conduit 2019 - 2020 Racing Point
73%
Coéquipiers 2020 & 2022 Nico Hulkenberg
58%
Autres Quel est sa seconde nationalité ? Belgique
41%
Coéquipiers 2017 Felipe Massa
41%
Coéquipiers 2018 Sergey Sirotkin
27%
Informations de base Date de naissance 29 octobre 1998
20%
Autres Dans quel pays Lance Stroll a-t-il grandi ? Suisse
18%
Informations de base Nom complet Lance Strulovitch
15%
Coéquipiers 2017 Paul di Resta
14%
Aucun quiz correspondant
Distribution des résultats
% des personnes avec chaque résultat
Percentile par nombre de réponses
Votre historique - résultats
Vous n’avez pas pris ce quiz